The Soviet model and underdeveloped countries

Na minha lista:
Detalhes bibliográficos
Autor principal: Wilber, Charles K.
Formato: Livro
Idioma:Undetermined
Publicado em: Chapel Hill University of North Carolina Press 1969
Assuntos:
Tags: Adicionar Tag
Sem tags, seja o primeiro a adicionar uma tag!
Thư viện lưu trữ: Trung tâm Học liệu Trường Đại học Cần Thơ
LEADER 00541nam a2200193Ia 4500
001 CTU_99264
008 210402s9999 xx 000 0 und d
082 |a 338.9 
082 |b W664 
100 |a Wilber, Charles K. 
245 4 |a The Soviet model and underdeveloped countries 
245 0 |c Charles K. Wilber 
260 |a Chapel Hill 
260 |b University of North Carolina Press 
260 |c 1969 
650 |a Economic policy 
650 |z Soviet union 
904 |i Giang 
980 |a Trung tâm Học liệu Trường Đại học Cần Thơ